Využívanie dobrovoľných systémov posudzovania zhody v produktovej stratégii diplomová práca
Guardado en:
| Autor principal: | |
|---|---|
| Autor Corporativo: | |
| Otros Autores: | |
| Formato: | Libro |
| Lenguaje: | eslovaco |
| Publicado: |
Bratislava
2022
|
| Etiquetas: |
Sin Etiquetas, Sea el primero en etiquetar este registro!
|
MARC
| LEADER | 00000nbm a2200000 4500 | ||
|---|---|---|---|
| 001 | 0284354 | ||
| 005 | 20230105133243.8 | ||
| 041 | 0 | |a slo | |
| 044 | |a SK | ||
| 245 | 1 | 0 | |a Využívanie dobrovoľných systémov posudzovania zhody v produktovej stratégii |b diplomová práca |c Francesca Röthová ; školiteľ: Jana Gondárová |
| 264 | 1 | |a Bratislava |c 2022 | |
| 300 | |a 60 s. | ||
| 100 | 1 | |a Röthová, Francesca | |
| 700 | 1 | |a Gondárová, Jana, 1983- | |
| 710 | 2 | |a Obchodná fakulta EU. Katedra marketingu | |